000 00572nam a2200205Ia 4500
003 LDD
008 181029s9999 xx 000 0 und d
020 _a1412901502
_cP 525.00
040 _cLDD
100 _aAthinson, Paul
245 0 _aNarrative Methods
_cPaul Athinson
260 _aLondon
_bSage
_c2006
300 _a4v.
365 _bP 525.00
440 _aSage Benchmarks in Social Research Methods
901 _a3811
_b06-02-2007
902 _a83104
_b20-02-2007
_cF
_dIBD
_e0
903 _aDiscount-10
_bReqst by : Kapur, Tribhuwan (Dr.)
942 _2ddc
_cBK
999 _c77892
_d77892